Stations de métro à Paris - Statistiques

Statistiques générales
  • Ce quiz a été pris 15 fois
  • Le résultat moyen est 90 sur 388
Statistiques - réponses
Ligne Station % Correct
1 Argentine
63%
1 | 8 | 12 Concorde
63%
1 La Defense
63%
2 Anvers
50%
2 | 11 Belleville
50%
2 Blanche
50%
1 | 2 | 6 Charles de Gaulle Etoile
50%
1 | 4 | 7 | +2 others Chatelet
50%
2 Colonel Fabien
50%
2 Courcelles
50%
2 Couronnes
50%
1 | 9 Franklin Roosevelt
50%
2 | 5 | 7bis Jaures
50%
2 La chapelle
50%
2 Menilmontant
50%
2 Monceau
50%
1 | 2 | 6 | 9 Nation
50%
2 | 3 Pere Lachaise
50%
2 | 12 Pigalle
50%
2 | 13 Place de Clichy
50%
1 Porte Maillot
50%
2 Rome
50%
2 | 5 | 7 Stalingrad
50%
2 Ternes
50%
2 Victor Hugo
50%
2 | 3 Villiers
50%
2 Alexandre Dumas
38%
2 Avron
38%
2 | 4 Barbes Rochechouart
38%
1 | 5 | 8 Bastille
38%
3 Bourse
38%
1 | 13 Champs Elysees Clemenceau
38%
4 Chateau d'Eau
38%
1 Chateau de Vincennes
38%
4 Chateau Rouge
38%
1 Esplanade de La Defense
38%
3 | 3bis Gambetta
38%
4 Gare de l'Est
38%
7 Gare de l' Est
38%
1 | 14 Gare de Lyon
38%
1 George V
38%
3 | 9 Havre Caumartin
38%
1 | 11 Hotel de Ville
38%
11 Jourdain
38%
4 Les Halles
38%
1 Les Sablons
38%
1 Louvre Rivoli
38%
4 | 12 Marcadet Poissonniers
38%
3 | 7 | 8 Opera
38%
1 | 7 Palais Royal Musee du Louvre
38%
2 Philippe Auguste
38%
1 Pont de Neuilly
38%
2 Porte Dauphine
38%
4 Porte de Clignancourt
38%
1 Porte de Vincennes
38%
11 Pyrenees
38%
3 | 4 Reaumur Sebastopol
38%
3 | 5 | 8 | +2 others Republique
38%
1 | 8 Reuilly-Diderot
38%
3 | 12 | 13 | 14 Saint Lazare
38%
1 Saint-Mande
38%
1 Saint Paul
38%
4 | 8 | 9 Strasbourg Saint-Denis
38%
1 Tuileries
38%
12 Abbesses
25%
3 Anatole France
25%
6 | 14 Bercy
25%
1 Bereault
25%
6 Bir-Hakeim
25%
7bis Buttes Chaumont
25%
9 Buzenval
25%
8 Chemin Vert
25%
4 Cite
25%
7 Crimee
25%
6 Dugommier
25%
10 | 13 Duroc
25%
3 Europe
25%
(13) Gabriel Peri
25%
3 Gallieni
25%
5 Gare d'Austerlitz
25%
10 Gare d' Austerlitz
25%
11 Goncourt
25%
8 | 9 Grands Boulevards
25%
8 | 13 Invalides
25%
5 Jacques Bonsergent
25%
(13) Les Agnettes
25%
7 Les Gobelins
25%
3 Louise Michel
25%
8 | 12 | 14 Madeleine
25%
(13) | 14 Mairie de Saint-Ouen
25%
11 Mairie des Lilas
25%
3 Malesherbes
25%
9 Maraichers
25%
12 Marx Dormoy
25%
5 | 9 Oberkampf
25%
10 Odeon
25%
3bis Pelleport
25%
5 | 6 Place d'Italie
25%
7 Place d' Italie
25%
7 Poissonniere
25%
(13) | 14 Porte de Clichy
25%
9 Porte de Montreuil
25%
13 Porte de Vanves
25%
(7) Porte d' Ivry
25%
4 Porte d'Orleans
25%
7 | 14 Pyramides
25%
3 Quatre Septembre
25%
11 Rambuteau
25%
3bis Saint-Fargeau
25%
4 Saint-Michel
25%
14 Saint-Ouen
25%
4 Saint Placide
25%
3 Sentier
25%
4 Simplon
25%
11 Telegraphe
25%
13 Varenne
25%
3 Wagram
25%
12 Aime Cesaire
13%
4 Alesia
13%
9 Alma Marceau
13%
3 Arts de Metiers
13%
11 Arts et Metries
13%
12 Asemblee National
13%
7 Aubervilles Pantin Quatre Chemins
13%
10 Avenue Emil Zola
13%
4 Bagneux Lucie Abrac
13%
8 Balard
13%
4 Barbara
13%
(13) Basilique de Saint-Denis
13%
6 Bel-Air
13%
14 Bibliotheque Francois Mitterrand
13%
9 Billancourt
13%
5 Bobigny Pablo Picasso
13%
5 Bobigny-Pantin Raymond Queneau
13%
6 Boissiere
13%
7bis Bolivar
13%
8 | 9 Bonne Nouvelle
13%
8 Boucicaut
13%
10 Boulogne Jean Jaures
13%
10 Boulogne Pont de Saint-Cloud
13%
5 Breguet Sabin
13%
(13) Brochant
13%
7 Cadet
13%
6 Cambronne
13%
5 Campe Formio
13%
10 Cardinal Lemoine
13%
(13) Carrefour Pleyel
13%
7 Censier Daubenton
13%
(10) Chardon Lagache
13%
8 Charenton-Ecoles
13%
10 Charlse Michels
13%
9 Charonne
13%
7 Chateau London
13%
13 Chatillon-Montrouge
13%
7 | 9 Chausse d' Antin La Fayette
13%
6 Chevaleret
13%
10 Cluny La Sorbonne
13%
8 Commerce
13%
12 Convention
13%
7 Corentin Cariou
13%
12 Corentin Celton
13%
6 Corvisart
13%
14 Cour Saint-Emilion
13%
8 Creteile Pointe du Lac
13%
8 Creteil - L'Echat
13%
8 Creteil - Prefecture
13%
8 Creteil - Universite
13%
9 Croix de Chavaux
13%
(7bis) Danube
13%
6 | 8 Daumesnil
13%
4 | 6 Denfert Rochereau
13%
6 Dupleix
13%
8 Ecole Militarie
13%
8 Ecole Veterinaire de Maisons-Alfort
13%
6 Edgar Quinet
13%
(10) Eglise d' Auteuil
13%
5 Eglise de Pantin
13%
4 Etienne Marcel
13%
9 Exelmans
13%
8 Faidherbe Chaligny
13%
12 Falguiere
13%
8 Felix Faure
13%
8 Filles du Calvarie
13%
7 Fort d' Aubervillies
13%
12 Front Populaire
13%
13 Gaite
13%
5 Gare de l'Este
13%
4 | 5 Gare du Norde
13%
(13) Garibaldi
13%
6 Glaciere
13%
(13) Guy Moquet
13%
5 Hoche
13%
9 Iena
13%
9 Jasmin
13%
10 Javel Andre Citroen
13%
12 Jules Joffrin
13%
7 | 10 Jussieu
13%
6 Kleber
13%
7 La Courneuve 8 Mai 1945
13%
13 La Fourche
13%
12 Lamarck Caulaincourt
13%
6 | 8 | 10 La Motte Picquet Grenelle
13%
9 La Muette
13%
7 La Peletier
13%
8 La Tour Maubourg
13%
5 Laumiere
13%
8 Ledru-Rollin
13%
(7) Le Kremlin Bicetre
13%
(13) Les Courtilles
13%
8 Liberte
13%
13 Liege
13%
8 Lourmel
13%
7 | 7bis Luis Blanc
13%
10 Mabillon
13%
12 Mairie d'Aubervilliers
13%
(13) Mairie de Clichy
13%
9 Mairie de Montreuil
13%
4 Mairie de Montrouge
13%
12 Mairie d' Issy
13%
(7) Mairie d' Ivry
13%
7 Maison Blanche
13%
8 Maisons-Alfort Les Juilliottes
13%
8 Maisons-Alfort -Stade
13%
13 Malakoff Plateau de Vanves
13%
13 Malakoff Rue Etienne Dolet
13%
9 Marcel Sembat
13%
10 Maubert Mutualite
13%
(10) | 9 Michel Ange Auteuil
13%
(10) | 9 Michel Ange Molitor
13%
8 Michel Bizot
13%
(10) Mirabeau
13%
9 | 13 Miromesnil
13%
8 Montgallet
13%
4 | 12 | 13 Montparnasse Bienvenue
13%
4 Mouton Duvernet
13%
6 Nationale
13%
12 Notre-Dame de-Lorette
13%
12 Notre-Dame des-Champes
13%
14 Olympiades
13%
5 Ourcq
13%
3 Parmantier
13%
6 Passy
13%
6 | 12 Pasteur
13%
3 Pereire
13%
13 Pernety
13%
6 Picpus
13%
(7) Pierre at Marie Curie
13%
(7bis) | 11 Place des Fetes
13%
7 Place Monge
13%
13 Plaisance
13%
3 Ponst de Levallois Becon
13%
14 Pont Cardinet
13%
9 Pont de Sevres
13%
7 Pont Marie
13%
7 Pont Neuf
13%
(10) Porte d' Auteuil
13%
3 Porte de Bagnolet
13%
3 Porte de Champerret
13%
8 Porte de Charenton
13%
(7) Porte de Choisy
13%
12 Porte de la Chapelle
13%
7 Porte de la Villette
13%
11 | 3bis Porte de Lilas
13%
5 Porte de Pantin
13%
9 Porte de Saint-Cloud
13%
(13) Porte de Saint-Ouen
13%
12 Porte de Versailles
13%
(7) Porte d' Italie
13%
8 Porte Doree
13%
(7bis) Pre Saint-Gervais
13%
6 Quai de la Gare
13%
5 Quai de la Rapee
13%
9 Ranelagh
13%
6 Raspail
13%
12 Rennes
13%
4 Respail
13%
5 Richard Lenoir
13%
8 | 9 Richelieu Drouot
13%
7 Riquet
13%
9 Robespierre
13%
12 Ru de Bac
13%
9 Rue de la Pompe
13%
9 Rue des Boulets
13%
3 Rue Saint-Martin
13%
9 Saint-Ambroise
13%
9 Saint-Augustin
13%
(13) Saint-Denis Porte de Paris
13%
(13) Saint-Denis - Universite
13%
13 Saint Francois Xavier
13%
12 Saint-Georges
13%
4 Saint Germain des-Pres
13%
6 Saint-Jacques
13%
5 Saint Marcel
13%
9 Saint-Philippe du-Roule
13%
8 Saint-Sebastian Froissart
13%
4 Saint-Sulpice
13%
10 Segur
13%
10 | 12 Sevres Babylone
13%
6 Sevres Lecourbe
13%
12 Solferino
13%
7 Sully Morand
13%
3 Temple
13%
7 Tolbiac
13%
12 Trinite d' Estienne d'Orves
13%
6 | 9 Trocadero
13%
10 Vaneau
13%
12 Vaugirard
13%
4 Vavin
13%
(7) Villejuif Leo Lagrange
13%
(7) Villejuif Luis Aragon
13%
(7) Villejuif Paul Vaillant-Couturier
13%
12 Volontaires
13%
9 Voltaire
13%
Aucun quiz correspondant
Distribution des résultats
% des personnes avec chaque résultat
Percentile par nombre de réponses
Votre historique - résultats
Vous n’avez pas pris ce quiz